[Event "Detroit (WCO/3/25)"]
[Site "?"]
[Date "1996.??.??"]
[Round "?"]
[White "Zarzycki, Katherine"]
[Black "Huizar, F."]
[Result "1-0"]
[WhiteElo "2265"]
[BlackElo "1605"]
[PlyCount "47"]
[EventDate "1996.??.??"]

{3/(25)} 1. e4 e5 2. Nf3 Nc6 3. Bc4 Nf6 4. Nc3 Bb4 5. O-O Bxc3 6. dxc3 d6 7.
Ng5 Bg4 8. Qd3 Qd7 9. Bxf7+ Kd8 10. h3 Bh5 11. Be6 Qe7 12. Qb5 Rb8 13. Qc4 h6
14. Nf7+ Bxf7 15. Bxf7 Nxe4 16. Bd5 Kd7 17. Qxe4 Rhf8 18. Qg4+ Kd8 19. Bxc6
bxc6 20. Qe2 Rf7 21. Be3 c5 22. g3 d5 23. Bf4 Rb5 {[Remainder illegible; 1-0,
27?]} 24. Qd1 1-0

[Event "Detroit (WCO/4/18)"]
[Site "?"]
[Date "1996.??.??"]
[Round "?"]
[White "Zarzycki, Katherine"]
[Black "Felton, H."]
[Result "1/2-1/2"]
[WhiteElo "1605"]
[BlackElo "1605"]
[PlyCount "133"]
[EventDate "1996.??.??"]

{4/(18)} 1. e4 e6 2. d4 d5 3. e5 c5 4. Bb5+ Bd7 5. Bxd7+ Qxd7 6. Nf3 Nc6 7. O-O
cxd4 8. Nxd4 Bc5 9. Nxc6 Qxc6 10. Qg4 g6 11. Nd2 Nh6 12. Qg3 Nf5 13. Qg5 O-O
14. Nb3 Be7 15. Qg4 Rfe8 16. Na5 Qc7 17. Bd2 b6 18. Nb3 Qxe5 19. Rfe1 Qd6 20.
Rad1 Qc6 21. Bc3 Bf8 22. Nd4 Nxd4 23. Rxd4 Bg7 24. Rd3 Rac8 25. Bxg7 Kxg7 26.
Qd4+ Kg8 27. c3 Qc5 28. Qh4 Rc6 29. Rh3 h5 30. Rg3 Qe7 31. Qxh5 Qf6 32. h3 Kg7
33. Ree3 Rh8 34. Qg4 Rh6 35. Rgf3 Rc4 36. Qxc4 dxc4 37. Rxf6 Kxf6 38. Rf3+ Ke7
39. b4 cxb3 40. axb3 Rh5 41. Kh2 Rd5 42. c4 Rd2 43. g4 f5 44. Kg2 Rc2 45. Rf4
a6 46. g5 Rc3 47. b4 Rb3 48. c5 bxc5 49. bxc5 Rc3 50. Ra4 Rxc5 51. Rxa6 Rd5 52.
Ra7+ Rd7 53. Ra8 Kf7 54. f4 Re7 55. Kf3 e5 56. Ra6 e4+ 57. Kg2 Rd7 58. Rf6+ Kg7
59. Re6 Kf7 60. Ra6 Re7 61. Kg3 Kg7 62. h4 Rd7 63. Kf2 Rd2+ 64. Ke3 Rh2 65.
Ra7+ Kg8 66. Ra8+ Kg7 67. Ra7+ 1/2-1/2

[Event "Detroit (MI Women/1/1)"]
[Site "?"]
[Date "1996.??.??"]
[Round "?"]
[White "Zarzycki, Amanda"]
[Black "Skidmore, Jennifer"]
[Result "0-1"]
[WhiteElo "1605"]
[BlackElo "1900"]
[PlyCount "66"]
[EventDate "1996.??.??"]

{1/(1)} 1. e4 e5 2. Nc3 Nf6 3. Nf3 d6 4. Be2 Be7 5. d3 O-O 6. Be3 Ng4 7. Qd2 c6
8. O-O-O Be6 9. Rhg1 d5 10. d4 exd4 11. Nxd4 Nf6 12. Nxe6 fxe6 13. e5 Nfd7 14.
Qd4 Rf7 15. Rd3 Na6 16. Qg4 Nc7 17. Bh6 Nxe5 18. Qd4 Nxd3+ 19. Qxd3 gxh6 20.
Re1 b5 21. Bh5 Rg7 22. Re3 Bg5 23. g4 Bxe3+ 24. Qxe3 d4 25. Qxh6 dxc3 26. bxc3
Qg5+ 27. Qxg5 Rxg5 28. h3 Nd5 29. f3 Nxc3 30. h4 Rd5 31. g5 a5 32. Kb2 Na4+ 33.
Ka3 Rad8 0-1

[Event "Detroit (MI Women/3/8)"]
[Site "?"]
[Date "1996.??.??"]
[Round "?"]
[White "Zarzycki, Amanda"]
[Black "Maldonado, Diana"]
[Result "1-0"]
[WhiteElo "1605"]
[BlackElo "1605"]
[PlyCount "69"]
[EventDate "1996.??.??"]

{3/(8)} 1. e4 e5 2. Nc3 Nc6 3. Nf3 Nf6 4. Bc4 Nb4 5. Nxe5 Qe7 6. Nxf7 Rg8 7. d3
a6 8. Bg5 b5 9. Nd6+ Qxd6 10. Bxg8 Nxg8 11. a3 h6 12. Be3 Nc6 13. O-O Be7 14.
Qd2 Qe5 15. Bf4 Qf6 16. Nd5 Qe6 17. Nxc7+ Kd8 18. Nxe6+ dxe6 19. a4 bxa4 20.
Rxa4 Bb4 21. Rxb4 Nxb4 22. Qxb4 g5 23. Qb6+ Kd7 24. Qd6+ Ke8 25. Qc6+ Kf7 26.
Qxa8 gxf4 27. Qxc8 a5 28. Ra1 Ne7 29. Qd7 a4 30. Rxa4 h5 31. e5 h4 32. Rxf4+
Kg7 33. Qxe7+ Kg6 34. Qf6+ Kh5 35. Rxh4# 1-0

[Event "Lansing (MI Op/4/3)"]
[Site "?"]
[Date "1996.??.??"]
[Round "?"]
[White "Zaremba, Andrei"]
[Black "Seawald, Dennis"]
[Result "1/2-1/2"]
[WhiteElo "2285"]
[BlackElo "2175"]
[PlyCount "65"]
[EventDate "1996.??.??"]

{4/(3)} 1. e4 c5 2. Nf3 Nc6 3. d4 cxd4 4. Nxd4 e6 5. c4 Nf6 6. Nc3 Bb4 7. Nxc6
bxc6 8. e5 Ne4 9. Qg4 Qa5 10. Qxe4 Bxc3+ 11. bxc3 Qxc3+ 12. Kd1 Qxa1 13. Bd3
Bb7 14. Qe3 O-O 15. Qe4 g6 16. h4 d5 17. exd6 Rad8 18. c5 Qxa2 19. Bh6 f5 20.
Qxe6+ Rf7 21. Bc4 Qa4+ 22. Kd2 Ba6 23. Kc3 Bxc4 24. Qxc4 Qa3+ 25. Kc2 Rb8 26.
Bc1 Qa1 27. Re1 Qb1+ 28. Kd1 Rb4 29. Qc3 Rb3 30. Qc4 Qd3+ 31. Qxd3 Rxd3+ 32.
Kc2 Rd5 33. Ba3 {[Remainder illegible (and I'm not sure about the former): 1/
2-1/2, 42?]} 1/2-1/2

[Event "Cadillac Open/5/1"]
[Site "?"]
[Date "1996.??.??"]
[Round "?"]
[White "Zaremba, Andrei"]
[Black "Rajlich, Vasik"]
[Result "1-0"]
[WhiteElo "2250"]
[BlackElo "2220"]
[PlyCount "63"]
[EventDate "1996.??.??"]

{5/1} 1. e4 e5 2. Bc4 Nf6 3. d3 Nc6 4. Nc3 Bb4 5. Bg5 h6 6. Bxf6 Bxc3+ 7. bxc3
Qxf6 8. Ne2 d6 9. O-O g5 10. Rb1 Na5 11. Bb3 Nxb3 12. cxb3 Qg6 13. Qd2 O-O 14.
Rbd1 Be6 15. c4 f6 16. f3 Rf7 17. d4 g4 18. d5 Bd7 19. f4 Qxe4 20. f5 Rg7 21.
Ng3 Qd4+ 22. Qxd4 exd4 23. Nh5 Rf7 24. Rxd4 Re8 25. Rxg4+ Kh7 26. Rg6 Ref8 27.
g4 b6 28. Rf3 a5 29. Rh3 Be8 30. Nxf6+ Kh8 31. Rhxh6+ Rh7 32. Rxh7# 1-0

[Event "Cadillac Open/3/1"]
[Site "?"]
[Date "1996.??.??"]
[Round "?"]
[White "Zaremba, Andrei"]
[Black "Moody, David"]
[Result "1-0"]
[WhiteElo "2250"]
[BlackElo "2050"]
[PlyCount "73"]
[EventDate "1996.??.??"]

{3/1} 1. e4 e5 2. Nf3 Nc6 3. Bb5 a6 4. Ba4 Nf6 5. O-O Be7 6. d4 Nxe4 7. d5 Nd4
8. Nxd4 exd4 9. Qxd4 Nf6 10. c4 O-O 11. Nc3 d6 12. Bc2 Bd7 13. Re1 Re8 14. Qh4
h6 15. Qg3 Kh8 16. Be3 Nh7 17. Bd4 Bf6 18. Qd3 Nf8 19. Be3 c6 20. Rad1 c5 21.
Bf4 Be5 22. Qg3 Bxf4 23. Qxf4 Qf6 24. Qxf6 gxf6 25. Bd3 Ng6 26. Bxg6 fxg6 27.
Ne4 b5 28. Nxf6 Rxe1+ 29. Rxe1 Bf5 30. g4 Rf8 31. gxf5 Rxf6 32. Re6 Rxf5 33.
Rxg6 Rg5+ 34. Rxg5 hxg5 35. Kg2 Kg7 36. Kg3 Kf6 37. Kg4 1-0

[Event "Lansing (MI Op/2/11)"]
[Site "?"]
[Date "1996.??.??"]
[Round "?"]
[White "Zaremba, Andrei"]
[Black "LaFata, Sam"]
[Result "1-0"]
[WhiteElo "2175"]
[BlackElo "1995"]
[PlyCount "57"]
[EventDate "1996.??.??"]

{2/(11)} 1. e4 e5 2. Nf3 Nc6 3. Bb5 Nf6 4. O-O Nxe4 5. d4 Be7 6. d5 Nd4 7. Nxd4
exd4 8. Qxd4 Nf6 9. Nc3 O-O 10. Bd3 c5 11. Qh4 d6 12. Re1 Re8 13. Bg5 h6 14.
Bxh6 gxh6 15. Qxh6 Bg4 16. h3 Bh5 17. g4 Bg6 18. Bxg6 Bf8 19. Bxf7+ Kxf7 20.
Qf4 Kg8 21. g5 Nh5 22. Qh4 Ng7 23. Ne4 Be7 24. Qh6 Nf5 25. Qe6+ Kg7 26. Qxf5
Rf8 27. Qg4 Rh8 28. Ng3 Bxg5 29. f4 1-0

[Event "Cadillac Open/1b/1"]
[Site "?"]
[Date "1996.??.??"]
[Round "?"]
[White "Zaremba, Andrei"]
[Black "Jensen, D."]
[Result "1-0"]
[WhiteElo "2250"]
[BlackElo "1605"]
[PlyCount "95"]
[EventDate "1996.??.??"]

1. e4 c5 2. Nf3 d6 3. d4 cxd4 4. Nxd4 Nc6 5. Nc3 Nf6 6. Bg5 Qb6 7. Bxf6 exf6 8.
Ndb5 Be6 9. Nd5 Bxd5 10. exd5 Ne5 11. f4 Nd7 12. Qd2 Be7 13. O-O-O O-O 14. Nd4
Rfc8 15. Nf5 Bf8 16. Bd3 g6 17. Ng3 f5 18. Ne2 Bg7 19. c3 Rc5 20. Bc2 Rac8 21.
Bb3 Nf6 22. Kb1 Ne4 23. Qe3 a5 24. Rc1 Qb5 25. Nd4 Bxd4 26. Qxd4 Ra8 27. Ba4
Qe2 28. Bc2 a4 29. Rhe1 Qb5 30. Bxe4 fxe4 31. Qxe4 a3 32. b3 Rcc8 33. c4 Qb4
34. Qe3 Re8 35. Qf2 Rxe1 36. Qxe1 Qc5 37. Rd1 b5 38. cxb5 Qxb5 39. f5 Qc5 40.
f6 Rc8 41. Rc1 Qxc1+ 42. Qxc1 Rxc1+ 43. Kxc1 Kf8 44. Kc2 Ke8 45. b4 Kd7 46. Kb3
Kc7 47. Kxa3 Kb6 48. Kb3 1-0

[Event "Detroit (MI Team/1/2/2)"]
[Site "?"]
[Date "1996.??.??"]
[Round "?"]
[White "Zaremba, Andrei"]
[Black "Frantz, John W"]
[Result "1-0"]
[WhiteElo "2135"]
[BlackElo "1605"]
[PlyCount "55"]
[EventDate "1996.??.??"]

{1/2} 1. e4 e6 2. d4 Nf6 3. Bg5 Nc6 4. e5 h6 5. Bh4 g5 6. Bg3 Nd5 7. c4 Bb4+ 8.
Nd2 Nde7 9. a3 Bxd2+ 10. Qxd2 Nf5 11. Ne2 f6 12. O-O-O b6 13. exf6 Nxg3 14.
Nxg3 Na5 15. f7+ Kxf7 16. Qc2 Bb7 17. d5 Qf6 18. Be2 Qf4+ 19. Kb1 g4 20. dxe6+
dxe6 21. Rd7+ Kf6 22. Nh5+ Kg5 23. Rg7+ Kxh5 24. Qg6+ Kh4 25. Qxg4+ Qxg4 26.
Rxg4+ Kh5 27. h4 Rhg8 28. Rg5# 1-0

[Event "Lansing (MI Op/7/4)"]
[Site "?"]
[Date "1996.??.??"]
[Round "?"]
[White "Zaremba, Andrei"]
[Black "Finegold, Ron"]
[Result "1-0"]
[WhiteElo "2175"]
[BlackElo "2180"]
[PlyCount "125"]
[EventDate "1996.??.??"]

{7/(4)} 1. e4 e6 2. d4 d5 3. e5 c5 4. c3 f5 5. exf6 Nxf6 6. Nf3 Nc6 7. Bd3 Bd7
8. O-O c4 9. Bc2 Qc7 10. Re1 Bd6 11. Nbd2 O-O-O 12. b3 cxb3 13. axb3 Kb8 14.
Ba3 Bxa3 15. Rxa3 Rhe8 16. Ne5 h6 17. Qa1 a6 18. Bg6 Re7 19. f4 Be8 20. b4 Na7
21. Bd3 Qb6 22. Ra5 Nd7 23. Nb3 Nxe5 24. fxe5 Bd7 25. Nc5 Bb5 26. Bxb5 axb5 27.
Rf1 Nc8 28. Ra8+ Kc7 29. Qa2 Qc6 30. Ra1 Nb6 31. Rxd8 Kxd8 32. Qa7 Rc7 33. Qb8+
Nc8 34. Ra7 Ke7 35. Rxb7 Rxb7 36. Qxb7+ Qxb7 37. Nxb7 Kd7 38. Kf2 Nb6 39. Nd6
Na4 40. Nxb5 Kc6 41. Nd6 Nxc3 42. Ke3 Nb5 43. Ne8 g6 44. g4 Na7 45. h4 Kb5 46.
Nc7+ Kc4 47. Nxe6 Nb5 48. Nf8 Nxd4 49. e6 Nb5 50. e7 d4+ 51. Kd2 Nd6 52. Nxg6
Ne4+ 53. Ke2 Nd6 54. Ne5+ Kxb4 55. Nf7 Ne8 56. Nxh6 Kc3 57. Nf5 d3+ 58. Kd1 Nf6
59. g5 Ne4 60. e8=Q Nf2+ 61. Ke1 d2+ 62. Kxf2 d1=Q 63. Qe1+ 1-0

[Event "Detroit (MEX/2/6)"]
[Site "?"]
[Date "1996.??.??"]
[Round "?"]
[White "Zaremba, Andrei"]
[Black "Everett, Morgan"]
[Result "1/2-1/2"]
[WhiteElo "2025"]
[BlackElo "2140"]
[PlyCount "58"]
[EventDate "1996.??.??"]

{2/(6)} 1. e4 e5 2. Bc4 Nf6 3. d3 Nc6 4. Nc3 Be7 5. f4 d6 6. Nf3 Bg4 7. O-O Nd4
8. fxe5 dxe5 9. Bxf7+ Kf8 10. Bc4 Nxf3+ 11. gxf3 Bh3 12. Re1 Bc5+ 13. Kh1 h6
14. Qe2 g5 15. Be3 Bxe3 16. Qxe3 Kg7 17. Rg1 Rf8 18. Rg3 Bd7 19. d4 exd4 20.
Qxd4 Bc6 21. Nd5 Bxd5 22. exd5 Qd6 23. f4 c5 24. Qe5 Qxe5 25. fxe5 Ne4 26. Re3
Rf4 27. b3 Re8 28. d6 Nxd6 29. Bd3 Nf5 1/2-1/2

[Event "Lansing (MI Op/6/7)"]
[Site "?"]
[Date "1996.??.??"]
[Round "?"]
[White "Zaremba, Andrei"]
[Black "Ciaffone, Bob"]
[Result "1-0"]
[WhiteElo "2175"]
[BlackElo "2240"]
[PlyCount "91"]
[EventDate "1996.??.??"]

{6/(7)} 1. e4 c5 2. Nf3 Nc6 3. d4 cxd4 4. Nxd4 Qb6 5. Nxc6 bxc6 6. Nc3 e5 7.
Bc4 Nf6 8. O-O Be7 9. Qf3 O-O 10. Qg3 d6 11. Rb1 Ba6 12. Be3 Qb7 13. Bxa6 Qxa6
14. Rbd1 Qc8 15. Rd3 Qe6 16. Rfd1 Rab8 17. b3 Rb7 18. Bg5 Ne8 19. Bxe7 Rxe7 20.
f3 f5 21. Ne2 fxe4 22. fxe4 Rf6 23. c4 Rg6 24. Qh3 Qxh3 25. Rxh3 Rf6 26. Rf3
Kf7 27. Kf2 Ke6 28. Ke3 Ref7 29. Nc3 Nc7 30. b4 a6 31. a4 g5 32. Rxf6+ Rxf6 33.
b5 axb5 34. axb5 cxb5 35. cxb5 Rf8 36. b6 Na6 37. Nd5 Nb8 38. Rc1 Nd7 39. Rc7
Rb8 40. b7 h6 41. Kd2 h5 42. g3 g4 43. Ke3 Re8 44. Rc8 Kf7 45. Rxe8 Kxe8 46.
Nf6+ 1-0

[Event "Detroit (MEX/1/7)"]
[Site "?"]
[Date "1996.??.??"]
[Round "?"]
[White "Zaremba, Andrei"]
[Black "Calton, Bill"]
[Result "1/2-1/2"]
[WhiteElo "2025"]
[BlackElo "2165"]
[PlyCount "95"]
[EventDate "1996.??.??"]

{1/(7)} 1. e4 c6 2. d4 d5 3. e5 Bf5 4. Bd3 Bxd3 5. Qxd3 e6 6. f4 Nh6 7. Nf3 Qb6
8. O-O c5 9. c3 Nc6 10. a3 cxd4 11. cxd4 Nf5 12. Rd1 h5 13. Nc3 Rc8 14. Kh1 Be7
15. b4 a6 16. Na4 Qa7 17. Nc5 a5 18. Bd2 O-O 19. Rdc1 b6 20. Nb3 a4 21. b5 axb3
22. Rxc6 Rxc6 23. bxc6 b2 24. Ra2 Qa6 25. Qb1 Rc8 26. Rxb2 Rxc6 27. Bb4 Bxb4
28. axb4 Rc4 29. h3 Nxd4 30. Nxd4 Rxd4 31. Ra2 Rd1+ 32. Qxd1 Qxa2 33. Qd4 b5
34. Kg1 Qc4 35. Qd2 Qb3 36. Kf2 h4 37. Qd4 Qc2+ 38. Kg1 Qc1+ 39. Kf2 Qa3 40.
Kf1 Qa2 41. Kg1 Qe2 42. Kh2 Qe1 43. f5 Qe4 44. Qxe4 dxe4 45. fxe6 fxe6 46. g3
hxg3+ 47. Kxg3 g5 48. h4 1/2-1/2

[Event "Flint (MI Jr/4/1)"]
[Site "?"]
[Date "1996.??.??"]
[Round "?"]
[White "Zaremba, Andrei"]
[Black "Ashton, Jeff"]
[Result "1-0"]
[WhiteElo "2075"]
[BlackElo "1845"]
[PlyCount "86"]
[EventDate "1996.??.??"]

{4/(1)} 1. d4 d5 2. Nf3 Nf6 3. c4 c6 4. cxd5 cxd5 5. Nc3 Nc6 6. Bf4 Bf5 7. e3
e6 8. Bb5 Rc8 9. Qa4 Qb6 10. Ne5 Be7 11. b4 O-O 12. Bxc6 Bxb4 13. Rc1 bxc6 14.
O-O Be7 15. Bg5 Rfd8 16. Ne2 c5 17. Bxf6 gxf6 18. dxc5 Qc7 19. Ng4 Bg6 20. Qd4
e5 21. Nh6+ Kg7 22. Qh4 Qd7 23. Ng3 Rc6 24. Ng4 h5 25. Nxh5+ Bxh5 26. Qxh5 Rh8
27. Nxe5 fxe5 28. Qxe5+ f6 29. Qg3+ Kf7 30. Rcd1 Rxc5 31. h3 Qf5 32. Rd4 Rg8
33. Qh2 Rc2 34. g4 Qe6 35. Rfd1 f5 36. Rxd5 fxg4 37. Qf4+ Qf6 38. Rf5 gxh3+ 39.
Kh2 Rg7 40. Rxf6+ Bxf6 41. Rd7+ Ke6 42. Qe4+ Kxd7 43. Qxc2 Bh4 1-0

[Event "Flint (MI Jr/2/1)"]
[Site "?"]
[Date "1996.??.??"]
[Round "?"]
[White "Zaremba, Andrei"]
[Black "Aldrich, Justin"]
[Result "1-0"]
[WhiteElo "2075"]
[BlackElo "1605"]
[PlyCount "63"]
[EventDate "1996.??.??"]

{2/(1)} 1. e4 e5 2. Bc4 Nf6 3. d3 Nc6 4. Nc3 Bc5 5. f4 exf4 6. Bxf4 d6 7. Nf3
Bg4 8. Qd2 Nd4 9. Nxd4 Bxd4 10. h3 Bh5 11. g4 Bg6 12. O-O-O c6 13. Rde1 O-O 14.
h4 h5 15. gxh5 Bxh5 16. Ne2 Be5 17. Bxe5 dxe5 18. Ng3 Qd7 19. Rhg1 Bg6 20. h5
Nxh5 21. Nxh5 Bxh5 22. Rh1 Qg4 23. Reg1 Qf3 24. Qg5 Qf4+ 25. Qxf4 exf4 26. Rxh5
Rfd8 27. Rhg5 Kf8 28. Rxg7 Ke7 29. Rxf7+ Kd6 30. d4 Re8 31. Rg6+ Re6 32. Rxe6#
1-0

[Event "Lansing (MI Op/1b/13)"]
[Site "?"]
[Date "1996.??.??"]
[Round "?"]
[White "Zacks, Naum"]
[Black "Dangremond, Leonard"]
[Result "0-1"]
[WhiteElo "1800"]
[BlackElo "1980"]
[PlyCount "40"]
[EventDate "1996.??.??"]

1. e4 e5 2. d4 exd4 3. Qxd4 Nc6 4. Qe3 Nf6 5. e5 Ng4 6. Qe4 Ngxe5 7. f4 d5 8.
Qe2 Bg4 9. Nf3 Bxf3 10. gxf3 Qh4+ 11. Kd1 Bc5 12. fxe5 O-O 13. Be3 Bxe3 14.
Qxe3 Rfe8 15. f4 f6 16. Qg3 Qh6 17. Bd3 fxe5 18. fxe5 Rxe5 19. Rg1 Rae8 20. Nd2
Re3 $138 0-1

[Event "Detroit (Class DE/4/16)"]
[Site "?"]
[Date "1996.??.??"]
[Round "?"]
[White "Young, L."]
[Black "Paul, Dennis"]
[Result "0-1"]
[WhiteElo "1605"]
[BlackElo "1605"]
[PlyCount "82"]
[EventDate "1996.??.??"]

{4/(16)} 1. d4 d5 2. Nf3 Nc6 3. e3 Bg4 4. Bd3 e5 5. c3 e4 6. Be2 exf3 7. Bxf3
Bxf3 8. Qxf3 Nf6 9. Nd2 Bd6 10. e4 dxe4 11. Nxe4 Nxe4 12. Qxe4+ Qe7 13. f3
Qxe4+ 14. fxe4 O-O 15. e5 Be7 16. O-O h6 17. Rf3 Bg5 18. Bxg5 hxg5 19. Rh3 f6
20. e6 Rfe8 21. Re1 Rad8 22. Rhe3 Rd6 23. Kf2 Re7 24. Rd3 Rexe6 25. Rxe6 Rxe6
26. d5 Ne5 27. Rd2 Rd6 28. b3 b5 29. g3 c6 30. a4 Rxd5 31. Re2 Rd3 32. axb5
cxb5 33. h4 Rxc3 34. hxg5 Rxb3 35. gxf6 gxf6 36. Kg1 a5 37. Rc2 a4 38. Rc8+ Kg7
39. Kg2 a3 40. Ra8 b4 41. Kf2 Rb2+ 0-1

[Event "Detroit (Class DE/1/18)"]
[Site "?"]
[Date "1996.??.??"]
[Round "?"]
[White "Young, L."]
[Black "Brumley, Ron"]
[Result "0-1"]
[WhiteElo "1605"]
[BlackElo "1605"]
[PlyCount "66"]
[EventDate "1996.??.??"]

{1/(18)} 1. d4 d5 2. Nf3 h6 3. e3 Bf5 4. c4 Nf6 5. Nbd2 e6 6. cxd5 exd5 7. Qb3
Qc8 8. Be2 Nbd7 9. O-O Bd6 10. Re1 O-O 11. Nh4 Bh7 12. Bd3 Bxd3 13. Qxd3 c6 14.
e4 dxe4 15. Nxe4 Nxe4 16. Rxe4 Qc7 17. Bxh6 Nf6 18. Bxg7 Bxh2+ 19. Kh1 Nxe4 20.
Qxe4 Kxg7 21. Qg4+ Kf6 22. Re1 Rh8 23. Qf5+ Kg7 24. Qg5+ Kf8 25. g3 Bxg3 26.
fxg3 Rd8 27. Kg2 Qd7 28. Nf5 Qd5+ 29. Kg1 Rh1+ 30. Kf2 Rh2+ 31. Ke3 Re8+ 32.
Kd3 Rxe1 33. Qe7+ Rxe7 0-1

[Event "Detroit (MI Team/3/4/2)"]
[Site "?"]
[Date "1996.??.??"]
[Round "?"]
[White "Young, Corneil"]
[Black "Goerke, Jesse"]
[Result "0-1"]
[WhiteElo "1605"]
[BlackElo "2265"]
[PlyCount "110"]
[EventDate "1996.??.??"]

{3/4} 1. e4 c5 2. Nf3 d6 3. Bb5+ Bd7 4. Bxd7+ Nxd7 5. O-O g6 6. Nc3 Bg7 7. Qe2
a6 8. b3 b5 9. Bb2 Ngf6 10. Nd5 e6 11. Bxf6 Nxf6 12. Nxf6+ Bxf6 13. e5 dxe5 14.
Nxe5 Qd6 15. Rae1 Bg7 16. Qe4 O-O 17. Qe2 Rfd8 18. d3 a5 19. Qe3 a4 20. Nf3
axb3 21. axb3 Ra2 22. Re2 Rda8 23. Qd2 b4 24. Qe3 R8a5 25. Ne5 Bxe5 26. Qxe5
Qxe5 27. Rxe5 Rxc2 28. d4 Kg7 29. Re4 Rb2 30. dxc5 Rxc5 31. Rxb4 Rc3 32. g3
Rbxb3 33. Rxb3 Rxb3 34. Re1 Kf6 35. Kg2 Kf5 36. Rf1 h5 37. f3 g5 38. g4+ hxg4
39. fxg4+ Kxg4 40. Rxf7 Rb2+ 41. Rf2 Rxf2+ 42. Kxf2 Kh3 43. Kg1 e5 44. Kf2 g4
45. Kg1 e4 46. Kh1 e3 47. Kg1 e2 48. Kf2 Kxh2 49. Kxe2 g3 50. Kf1 g2+ 51. Kf2
g1=Q+ 52. Kf3 Qe1 53. Kf4 Qe2 54. Kf5 Qe3 55. Kf6 Qe4 0-1

[Event "Detroit (MI Women/4/4)"]
[Site "?"]
[Date "1996.??.??"]
[Round "?"]
[White "Yancey, Seleana"]
[Black "Raupp, Sarah"]
[Result "0-1"]
[WhiteElo "1605"]
[BlackElo "1605"]
[PlyCount "40"]
[EventDate "1996.??.??"]

{4/(4)} 1. e4 e6 2. Nf3 d5 3. e5 Ne7 4. d4 Nf5 5. Nc3 Bb4 6. Bd2 c5 7. dxc5
Bxc5 8. Be2 O-O 9. O-O Nc6 10. Bf4 f6 11. exf6 Qxf6 12. Bg5 Qg6 13. Bb5 Ncd4
14. Nxd4 Bxd4 15. Bd2 Nh4 16. g3 Nf3+ 17. Kh1 Qh5 18. h4 Qg4 19. Kg2 e5 20.
Nxd5 Qh3# 0-1

[Event "Detroit (WCO/5/26)"]
[Site "?"]
[Date "1996.??.??"]
[Round "?"]
[White "Yancey, Seleana"]
[Black "Midgett, E."]
[Result "1-0"]
[WhiteElo "1605"]
[BlackElo "1605"]
[PlyCount "29"]
[EventDate "1996.??.??"]

{5/(26)} 1. e4 e5 2. Nf3 Nc6 3. Bb5 a6 4. Bxc6 bxc6 5. Nxe5 d6 6. Nxc6 Qg5 7.
O-O d5 8. d3 Bd6 9. Bxg5 f6 10. Be3 dxe4 11. dxe4 f5 12. e5 Bf8 13. Qd8+ Kf7
14. e6+ Bxe6 15. Ne5# 1-0

[Event "Detroit (MI Women/1/4)"]
[Site "?"]
[Date "1996.??.??"]
[Round "?"]
[White "Yancey, Seleana"]
[Black "Jackson, Katrina"]
[Result "0-1"]
[WhiteElo "1605"]
[BlackElo "1605"]
[PlyCount "72"]
[EventDate "1996.??.??"]

{1/(4)} 1. e4 e6 2. Nf3 d5 3. e5 c5 4. c3 Nc6 5. d4 Be7 6. Bb5 Bd7 7. Bf4 f6 8.
exf6 Nxf6 9. Bxc6 Bxc6 10. Ne5 O-O 11. Nxc6 bxc6 12. O-O cxd4 13. cxd4 c5 14.
dxc5 Bxc5 15. Nc3 Qd7 16. Qd3 Rf7 17. Rfe1 Ng4 18. Re2 Rxf4 19. Nd1 Raf8 20.
Ne3 Nxf2 21. Qd2 d4 22. Rf1 d3 23. Rexf2 Rxf2 24. Rxf2 Bxe3 25. Qxe3 Rxf2 26.
Qxf2 d2 27. h3 d1=Q+ 28. Qf1 Qxf1+ 29. Kxf1 Qd2 30. b4 Qxa2 31. g4 e5 32. b5 e4
33. h4 e3 34. Ke1 Qd2+ 35. Kf1 e2+ 36. Kg1 e1=Q# 0-1

[Event "Detroit (WCO/2/29)"]
[Site "?"]
[Date "1996.??.??"]
[Round "?"]
[White "Yancey, Seleana"]
[Black "Gibson, M."]
[Result "0-1"]
[WhiteElo "1605"]
[BlackElo "1605"]
[PlyCount "20"]
[EventDate "1996.??.??"]

{2/(29)} 1. e4 e5 2. Nf3 Nc6 3. Bb5 a6 4. Bxc6 bxc6 5. O-O d5 6. Nxe5 dxe4 7.
Nxc6 Qd6 8. Na5 Qe5 9. Nb3 Bd6 10. d4 Qxh2# 0-1

[Event "Howell (US Am N/5/42)"]
[Site "?"]
[Date "1996.??.??"]
[Round "?"]
[White "Yahkind, Andrew"]
[Black "Vorhauer, Sam"]
[Result "0-1"]
[WhiteElo "1605"]
[BlackElo "1605"]
[PlyCount "84"]
[EventDate "1996.??.??"]

{5/(42)} 1. e4 e6 2. d4 d5 3. e5 c5 4. Nf3 cxd4 5. Nxd4 Nc6 6. Bb5 Bd7 7. Be3
g6 8. f4 a6 9. Bxc6 Bxc6 10. O-O Bc5 11. c3 Bxd4 12. cxd4 f5 13. Nc3 Ne7 14.
Bf2 Nc8 15. Rc1 Na7 16. Na4 Bxa4 17. Qxa4+ Qd7 18. Qxd7+ Kxd7 19. Rc2 Rac8 20.
Rfc1 Rc6 21. Be3 Rhc8 22. Rxc6 Rxc6 23. Rc5 b6 24. Rc3 Nb5 25. Rb3 Kc7 26. a4
Na7 27. Rc3 b5 28. Rxc6+ Nxc6 29. b3 Kb6 30. Kf2 bxa4 31. bxa4 Ka5 32. Ke2 Kxa4
33. Kd3 Kb3 34. Bd2 Nb4+ 35. Ke3 a5 36. Ke2 Kc2 37. Be1 Kb3 38. Kd1 a4 39. Bxb4
Kxb4 40. Kc1 Kc3 41. h3 Kxd4 42. g4 Kc3 0-1

[Event "Lansing (MOR/1b/9)"]
[Site "?"]
[Date "1996.??.??"]
[Round "?"]
[White "Yahkind, Andrew"]
[Black "Velasquez, A."]
[Result "0-1"]
[WhiteElo "1605"]
[BlackElo "1690"]
[PlyCount "74"]
[EventDate "1996.??.??"]

1. e4 c5 2. Nf3 Nc6 3. d4 cxd4 4. Nxd4 g6 5. f4 Nf6 6. Nc3 Bg7 7. e5 Nxd4 8.
Qxd4 Ng4 9. Bc4 d6 10. Qd5 O-O 11. h3 Nh6 12. Be3 Nf5 13. Bf2 Be6 14. Qe4 Bxc4
15. Qxc4 dxe5 16. fxe5 Bxe5 17. Na4 Rc8 18. Qe4 Bg3 19. O-O Bxf2+ 20. Rxf2 Qd4
21. Nc3 Qxe4 22. Nxe4 Rc4 23. Re2 Rfc8 24. Nc3 e6 25. Rd1 Rd4 26. Red2 Rcd8 27.
Rd3 Rxd3 28. cxd3 Ne3 29. Rd2 Nc4 30. Rd1 Nxb2 31. Rb1 Rxd3 32. Rxb2 Rxc3 33.
Rxb7 Ra3 34. Rb2 f5 35. Kf2 g5 36. g3 h5 37. Ke2 Kf7 0-1

[Event "Howell (US Am N/6/44)"]
[Site "?"]
[Date "1996.??.??"]
[Round "?"]
[White "Yahkind, Andrew"]
[Black "Spencer, Tyrone"]
[Result "1-0"]
[WhiteElo "1605"]
[BlackElo "1605"]
[PlyCount "53"]
[EventDate "1996.??.??"]

{6/(44)} 1. e4 e5 2. Nf3 Nc6 3. Bc4 d6 4. O-O Nf6 5. Nc3 Be7 6. d4 exd4 7. Nxd4
Nxd4 8. Qxd4 O-O 9. f4 Ng4 10. h3 Bf6 11. e5 dxe5 12. Qxd8 Rxd8 13. hxg4 exf4
14. Bxf4 Bxc3 15. bxc3 Bxg4 16. Bxc7 Rd7 17. Be5 h6 18. Rae1 Kh7 19. Rxf7 Rxf7
20. Bxf7 Rf8 21. Rf1 Be2 22. Bg6+ Kxg6 23. Rxf8 h5 24. Re8 Kg5 25. Bxg7 h4 26.
Rxe2 Kg4 27. Kf2 1-0

[Event "Lansing (MOR/5/44)"]
[Site "?"]
[Date "1996.??.??"]
[Round "?"]
[White "Yahkind, Andrew"]
[Black "McNair, Shawn"]
[Result "0-1"]
[WhiteElo "1605"]
[BlackElo "1605"]
[PlyCount "62"]
[EventDate "1996.??.??"]

{5/(44)} 1. e4 c5 2. Nf3 e6 3. d4 cxd4 4. Nxd4 Nf6 5. Nc3 d6 6. Bg5 Be7 7. f4
Nc6 8. Bb5 Bd7 9. Bxc6 Bxc6 10. Nxc6 bxc6 11. Qf3 Rc8 12. O-O-O Nd7 13. Rhf1 d5
14. exd5 cxd5 15. Bxe7 Qxe7 16. Nxd5 Qc5 17. Nc3 Nf6 18. g4 O-O 19. Rd2 Rfd8
20. Rxd8+ Rxd8 21. Rd1 Rxd1+ 22. Qxd1 Qc7 23. Qf3 g6 24. h4 h5 25. gxh5 Nxh5
26. Ne2 Qa5 27. Nc3 Qb6 28. Nd1 Qc7 29. Ne3 Nxf4 30. c4 Nd3+ 31. Kc2 Ne1+ 0-1

[Event "Howell (US Am N/2/43)"]
[Site "?"]
[Date "1996.??.??"]
[Round "?"]
[White "Yahkind, Andrew"]
[Black "Martell, Raul"]
[Result "0-1"]
[WhiteElo "1605"]
[BlackElo "1605"]
[PlyCount "68"]
[EventDate "1996.??.??"]

{2/(43)} 1. e4 e5 2. Nf3 Nc6 3. Bc4 Bc5 4. c3 d6 5. d4 exd4 6. cxd4 Bb6 7. Nc3
Bg4 8. Be3 h6 9. O-O Nf6 10. h3 Bxf3 11. Qxf3 Bxd4 12. Bb5 Bxe3 13. Qxe3 O-O
14. f4 a6 15. Bxc6 bxc6 16. Rad1 Qe7 17. e5 dxe5 18. Qxe5 Rfe8 19. Rfe1 Kf8 20.
Kf1 Qxe5 21. Rxe5 Re6 22. Na4 Nd5 23. Nc5 Rxe5 24. Nd7+ Ke7 25. Nxe5 Ne3+ 26.
Ke2 Nxd1 27. Kxd1 Rd8+ 28. Kc2 Rd6 29. Nc4 Rd4 30. Ne5 Rxf4 31. Nxc6+ Kd6 32.
Nb8 g5 33. Nxa6 Rc4+ 34. Kb3 Rc6 {[Remainder illegible; 0-1, 51?]} 0-1

[Event "Howell (US Am N/4/4)"]
[Site "?"]
[Date "1996.??.??"]
[Round "?"]
[White "Yahkind, Alex"]
[Black "Wisckol, Richard"]
[Result "1-0"]
[WhiteElo "2055"]
[BlackElo "1930"]
[PlyCount "51"]
[EventDate "1996.??.??"]

{4/(4)} 1. e4 c5 2. Nf3 Nc6 3. d4 cxd4 4. Nxd4 g6 5. Nc3 Bg7 6. Be3 Nf6 7. Nxc6
bxc6 8. e5 Ng8 9. f4 h5 10. Qd2 Nh6 11. O-O-O O-O 12. h3 Nf5 13. g4 hxg4 14.
hxg4 Nxe3 15. Qxe3 d5 16. exd6 exd6 17. Qh3 Re8 18. Bc4 Be6 19. Bxe6 fxe6 20.
Qh7+ Kf7 21. Ne4 d5 22. Ng5+ Kf6 23. Rh6 Rg8 24. Qxg6+ Ke7 25. Qxe6+ Kf8 26.
Qf7# 1-0